000 00544nam a22002177a 4500
001 3319
003 FISKH
005 20240227123103.0
008 240227b cb ||||| |||| 00| 0 eng d
040 _aFISK
_beng
_cFISK
_dFISK
050 _aPZ7.B6358435
082 _a833.92
100 _aBoie Kirsten :
_d1950
245 _aThe Princess Plot /
_cKirsten Boie
260 _aNew York :
_bKirsten Boie
_c2005
300 _a378 pages :
_b20 cm :
501 _aM
521 8 _a720
_bM
700 _aKirsten Boie
942 _2ddc
_cBK
_n0
999 _c3319
_d3319